[Event "Belgrade-chT Quality"]
[Site "Belgrade"]
[Date "2012.10.30"]
[Round "8.5"]
[White "Adamovic, Strahinja"]
[Black "Djurovic, Slobodan"]
[Result "1-0"]
[WhiteElo "2092"]
[BlackElo "2178"]
[PlyCount "91"]
[EventDate "2012.10.13"]
[EventType "team-tourn"]
[EventRounds "11"]
[EventCountry "SRB"]
[SourceTitle "EXT 2019"]
[Source "ChessBase"]
[SourceDate "2018.10.10"]
[SourceVersion "1"]
[SourceVersionDate "2018.10.10"]
[SourceQuality "1"]

1. e4 e5 2. Nf3 Nc6 3. Bb5 g6 4. 0-0 Bg7 5. c3 d6 6. d4 Bd7 7. Re1 Nf6 8. d5 Ne7 9. Qd3 0-0 10. c4 a6 11. Bxd7 Nxd7 12. Be3 h6 13. Nfd2 f5 14. f3 b6 15. Nc3 a5 16. b3 Nc5 17. Qc2 fxe4 18. fxe4 g5 19. a3 Ng6 20. b4 Nd7 21. g3 Nf6 22. c5 axb4 23. axb4 Rxa1 24. Rxa1 bxc5 25. bxc5 Ng4 26. Nc4 Rf3 27. Qe2 Qf6 28. c6 h5 29. Kg2 Nxe3+ 30. Nxe3 g4 31. Rf1 Rxf1 32. Qxf1 Qg5 33. Ncd1 Nf4+ 34. Kf2 Nh3+ 35. Ke2 Nf4+ 36. Kd2 Bh6 37. gxf4 exf4 38. Nf5 Bf8 39. Qa6 f3+ 40. Nde3 Qf4 41. Qc8 Qxh2+ 42. Kc3 Qe5+ 43. Kd3 g3 44. Nh6+ Kh7 45. Qxf8 g2 46. Qg8+ 1-0

[Event "Belgrade-chT Quality"]
[Site "Belgrade"]
[Date "2011.10.22"]
[Round "3"]
[White "Adamovic, Strahinja"]
[Black "Lukic, Branislav"]
[Result "0-1"]
[WhiteElo "2090"]
[BlackElo "2203"]
[PlyCount "52"]
[EventDate "2011.10.15"]
[EventType "team-swiss"]
[EventRounds "11"]
[EventCountry "SRB"]
[SourceTitle "EXT 2012"]
[Source "ChessBase"]
[SourceDate "2011.11.24"]
[SourceVersion "1"]
[SourceVersionDate "2011.11.24"]
[SourceQuality "1"]

1. e4 c5 2. Nf3 g6 3. d4 Bg7 4. Nc3 cxd4 5. Nxd4 Nc6 6. Be3 Nf6 7. Bc4 0-0 8. Bb3 Ng4 9. Qxg4 Nxd4 10. Qd1 Nxb3 11. axb3 b6 12. Qd5 Qc7 13. Qxa8 Bxc3+ 14. Kd1 Bxb2 15. Rxa7 Qc3 16. Qd5 d6 17. Qd3 Qf6 18. Ke2 Be6 19. Bxb6 Qg5 20. g3 f5 21. exf5 Rxf5 22. f4 Rxf4 23. Rf1 Bg4+ 24. Ke1 Qe5+ 25. Be3 Rd4 26. Ra8+ Kg7 0-1

[Event "SRB-chT quality"]
[Site "Belgrade"]
[Date "2010.10.23"]
[Round "5"]
[White "Adamovic, Strahinja"]
[Black "Bura, Radovan"]
[Result "1/2-1/2"]
[WhiteElo "2084"]
[BlackElo "2199"]
[PlyCount "91"]
[EventDate "2010.10.09"]
[EventType "team-tourn"]
[EventRounds "11"]
[EventCountry "YUG"]
[SourceTitle "EXT 2011"]
[Source "ChessBase"]
[SourceDate "2010.11.26"]
[SourceVersion "1"]
[SourceVersionDate "2010.11.26"]
[SourceQuality "1"]

1. e4 b6 2. d4 Bb7 3. Nc3 e6 4. Nf3 d5 5. Bd3 Nf6 6. Bg5 Be7 7. Qe2 c5 8. Bxf6 Bxf6 9. dxc5 Bxc3+ 10. bxc3 0-0 11. cxb6 axb6 12. e5 Nd7 13. 0-0 Rc8 14. Nd4 Rxc3 15. f4 g6 16. Rf3 Qe7 17. Nb5 Rc5 18. Nd6 Bc6 19. g4 Ra5 20. Qf2 Rfa8 21. Re1 Rxa2 22. f5 exf5 23. gxf5 Nxe5 24. Rfe3 Qxd6 25. Rxe5 Qc5 26. f6 Ra1 27. h4 Rxe1+ 28. Rxe1 Re8 29. Rxe8+ Bxe8 30. Kg2 Qxf2+ 31. Kxf2 Bc6 32. Kg3 Kf8 33. Kf4 Bd7 34. Kg5 d4 35. Kf4 Ke8 36. Ke5 Bf5 37. Bxf5 gxf5 38. Kxd4 Kd7 39. Ke5 f4 40. Kxf4 Ke6 41. Kg5 b5 42. h5 b4 43. Kh6 Kxf6 44. Kxh7 Kg5 45. Kg7 Kxh5 46. Kxf7 1/2-1/2

[Event "Belgrade Spring op"]
[Site "Belgrade"]
[Date "2010.04.01"]
[Round "9"]
[White "Marjanovic, Dejan"]
[Black "Adamovic, Strahinja"]
[Result "1-0"]
[WhiteElo "2007"]
[BlackElo "2102"]
[PlyCount "43"]
[EventDate "2010.03.23"]
[EventType "swiss"]
[EventRounds "9"]
[EventCountry "YUG"]
[SourceTitle "EXT 2019"]
[Source "ChessBase"]
[SourceDate "2018.10.10"]
[SourceVersion "1"]
[SourceVersionDate "2018.10.10"]
[SourceQuality "1"]

1. e4 e5 2. Nf3 Nc6 3. Bb5 a6 4. Bxc6 dxc6 5. 0-0 Bg4 6. h3 Bxf3 7. Qxf3 Qf6 8. Qg3 Bc5 9. d3 Ne7 10. Be3 Bb6 11. Nd2 Ng6 12. Nc4 Bxe3 13. Qxe3 0-0 14. Rad1 Rfd8 15. g3 Qe6 16. h4 b5 17. Na5 Qxa2 18. Nxc6 Rd6 19. Nb4 Qxb2 20. Nd5 Qd4 21. Qg5 h6 22. Qg4 1-0

[Event "Belgrade-ch"]
[Site "Belgrade"]
[Date "2010.01.24"]
[Round "2"]
[White "Jovanovic, Nebojsa M"]
[Black "Adamovic, Strahinja"]
[Result "0-1"]
[WhiteElo "1794"]
[BlackElo "2094"]
[PlyCount "124"]
[EventDate "2010.01.23"]
[EventType "swiss"]
[EventRounds "9"]
[EventCountry "YUG"]
[SourceTitle "CBM 134 Extra"]
[Source "ChessBase"]
[SourceDate "2010.03.03"]
[SourceVersion "1"]
[SourceVersionDate "2010.03.03"]
[SourceQuality "1"]

1. d4 Nf6 2. c4 c5 3. Nf3 g6 4. Nc3 Bg7 5. g3 0-0 6. Bg2 cxd4 7. Nxd4 d6 8. 0-0 Nc6 9. Nxc6 bxc6 10. Bxc6 Rb8 11. Bg2 Qa5 12. Qa4 Qxa4 13. Nxa4 Bd7 14. Nc3 Rfc8 15. b3 d5 16. Bf4 dxc4 17. Bxb8 Rxb8 18. bxc4 Rc8 19. Rab1 Rxc4 20. Rb8+ Bf8 21. Nd5 Nxd5 22. Bxd5 Rc7 23. Rd1 e6 24. Bf3 Kg7 25. Rdb1 Bc8 26. Ra8 Bc5 27. e3 Bb6 28. Rd1 Kf6 29. Kg2 Rc2 30. Rd3 Rc1 31. Rd2 Ke7 32. h4 h5 33. Kh2 Kf6 34. a4 Rc7 35. Rb8 Ke7 36. Ra2 Ba6 37. a5 Bc5 38. Rd2 Kf6 39. Rdb2 Ke7 40. Bd1 Bd3 41. Ba4 Be4 42. Bc2 Bf3 43. R8b3 f5 44. Kg1 Bd6 45. a6 Be5 46. Rb7 Bxb7 47. axb7 Rc5 48. Ra2 Bb8 49. Bd1 Rc1 50. Rd2 Rb1 51. Kf1 Rxb7 52. Ba4 Bd6 53. Ke2 Rb4 54. Ra2 a5 55. Bc2 Bc7 56. Kd3 Kf6 57. Ra3 g5 58. hxg5+ Kxg5 59. Bd1 h4 60. f4+ Kg6 61. gxh4 Bb6 62. Ra2 Re4 0-1

[Event "Belgrade-ch"]
[Site "Belgrade"]
[Date "2010.01.23"]
[Round "1"]
[White "Adamovic, Strahinja"]
[Black "Tadic, Branko"]
[Result "0-1"]
[WhiteElo "2094"]
[BlackElo "2519"]
[PlyCount "102"]
[EventDate "2010.01.23"]
[EventType "swiss"]
[EventRounds "9"]
[EventCountry "YUG"]
[SourceTitle "CBM 134 Extra"]
[Source "ChessBase"]
[SourceDate "2010.03.03"]
[SourceVersion "1"]
[SourceVersionDate "2010.03.03"]
[SourceQuality "1"]

1. d4 d5 2. c4 c6 3. Nf3 Nf6 4. Nc3 dxc4 5. a4 Bg4 6. Ne5 Bh5 7. g3 Na6 8. Bg2 Nb4 9. 0-0 e6 10. a5 Rc8 11. Nxc4 Be7 12. Qb3 b5 13. axb6 axb6 14. Ra7 b5 15. Na5 0-0 16. Bd2 Re8 17. Nxb5 Bxe2 18. Re1 Bxb5 19. Bxb4 Bf8 20. Bxf8 Qxd4 21. Bxg7 Kxg7 22. Rb7 Qd2 23. Qc3 Red8 24. Qxd2 Rxd2 25. h3 Rd7 26. Rxd7 Nxd7 27. Rc1 Kf6 28. b4 Nb8 29. Nb7 Ke7 30. Nc5 Rc7 31. Ra1 Nd7 32. f4 Nxc5 33. bxc5 Rd7 34. Ra8 Rd1+ 35. Kh2 Kf6 36. Ra7 Rc1 37. g4 Rxc5 38. g5+ Kg7 39. Kg3 Bc4 40. Rc7 Bd5 41. Bf1 Rc3+ 42. Kh4 Rf3 43. Be2 Rxf4+ 44. Bg4 Rc4 45. Kg3 Rc1 46. Rc8 c5 47. Kf4 c4 48. Ke3 h6 49. gxh6+ Kxh6 50. Kd2 Ra1 51. Kc3 f5 0-1

[Event "Belgrade op"]
[Site "Belgrade"]
[Date "2009.11.28"]
[Round "5"]
[White "Veleski, Robert"]
[Black "Adamovic, Strahinja"]
[Result "1/2-1/2"]
[WhiteElo "2257"]
[BlackElo "1997"]
[PlyCount "76"]
[EventDate "2009.11.24"]
[EventType "swiss"]
[EventRounds "9"]
[EventCountry "YUG"]
[SourceTitle "CBM 133 Extra"]
[Source "ChessBase"]
[SourceDate "2010.01.05"]
[SourceVersion "1"]
[SourceVersionDate "2010.01.05"]
[SourceQuality "1"]

1. Nf3 Nf6 2. d4 g6 3. Bf4 Bg7 4. e3 d6 5. c4 c5 6. Nc3 Nbd7 7. Be2 0-0 8. 0-0 Nh5 9. Bg5 h6 10. Bh4 g5 11. Ne1 gxh4 12. Bxh5 cxd4 13. exd4 Nf6 14. Bf3 Qb6 15. Nc2 Bd7 16. b3 a5 17. Re1 Rfe8 18. Ne3 e6 19. h3 Nh7 20. Nc2 Ng5 21. Bh5 Bc6 22. Qg4 Qd8 23. Kh1 Qf6 24. Qxh4 Qf5 25. Re2 Qxh3+ 26. Qxh3 Nxh3 27. Bf3 Bxf3 28. gxf3 e5 29. Rae1 Nf4 30. Rd2 exd4 31. Rxe8+ Rxe8 32. Nxd4 Re1+ 33. Kh2 Be5 34. Ncb5 h5 35. Nf5 Ne2+ 36. Kg2 Rg1+ 37. Kh3 Rh1+ 38. Kg2 Rg1+ 1/2-1/2

[Event "Belgrade op"]
[Site "Belgrade"]
[Date "2009.11.27"]
[Round "4"]
[White "Hrzic, Ivan"]
[Black "Adamovic, Strahinja"]
[Result "1/2-1/2"]
[WhiteElo "2260"]
[BlackElo "1997"]
[PlyCount "56"]
[EventDate "2009.11.24"]
[EventType "swiss"]
[EventRounds "9"]
[EventCountry "YUG"]
[SourceTitle "CBM 133 Extra"]
[Source "ChessBase"]
[SourceDate "2010.01.05"]
[SourceVersion "1"]
[SourceVersionDate "2010.01.05"]
[SourceQuality "1"]

1. d4 Nf6 2. c4 g6 3. Nc3 Bg7 4. e4 d6 5. Nf3 0-0 6. Be2 c5 7. d5 e5 8. h3 Na6 9. g4 Nc7 10. Bg5 Bd7 11. a4 h6 12. Be3 Kh7 13. Nd2 Ng8 14. Nf1 Qh4 15. Qd2 a6 16. a5 Rab8 17. Na4 Bxa4 18. Rxa4 Nf6 19. Ng3 Nd7 20. Kf1 Bf6 21. Kg2 Bg5 22. Bxg5 Qxg5 23. Qxg5 hxg5 24. Ra3 b6 25. axb6 Rxb6 26. b3 Rfb8 27. Bd1 Kg7 28. Bc2 R6b7 1/2-1/2

[Event "Belgrade op"]
[Site "Belgrade"]
[Date "2009.11.26"]
[Round "3"]
[White "Adamovic, Strahinja"]
[Black "Nikolovska, Dragana"]
[Result "1-0"]
[WhiteElo "1997"]
[BlackElo "1697"]
[PlyCount "67"]
[EventDate "2009.11.24"]
[EventType "swiss"]
[EventRounds "9"]
[EventCountry "YUG"]
[SourceTitle "CBM 133 Extra"]
[Source "ChessBase"]
[SourceDate "2010.01.05"]
[SourceVersion "1"]
[SourceVersionDate "2010.01.05"]
[SourceQuality "1"]

1. e4 c5 2. Nf3 d6 3. d4 cxd4 4. Nxd4 Nf6 5. Nc3 g6 6. Bg5 Bg7 7. Bb5+ Bd7 8. Qe2 0-0 9. 0-0-0 Nc6 10. Bxc6 bxc6 11. e5 dxe5 12. Nxc6 Qe8 13. Nxe5 Bf5 14. g4 Be6 15. Rhe1 Qc8 16. h3 Rb8 17. Rd3 Qb7 18. b3 Rfc8 19. Red1 Qb4 20. Bd2 Qa3+ 21. Kb1 a5 22. Bc1 Qb4 23. Bb2 Ne8 24. Nd5 Bxd5 25. Rxd5 Nf6 26. R5d4 Qb7 27. f4 Ra8 28. g5 Ne8 29. Rd7 Rc7 30. Qd2 a4 31. Rxc7 Qxc7 32. Qd5 Nd6 33. Qxa8+ Bf8 34. Qxa4 1-0

[Event "Belgrade Spring op"]
[Site "Belgrade"]
[Date "2009.03.29"]
[Round "7"]
[White "Carnic, Dejan"]
[Black "Adamovic, Strahinja"]
[Result "1-0"]
[WhiteElo "2184"]
[BlackElo "1991"]
[PlyCount "101"]
[EventDate "2009.03.21"]
[EventType "swiss"]
[EventRounds "9"]
[EventCountry "YUG"]
[SourceTitle "CBM 129 Extra"]
[Source "ChessBase"]
[SourceDate "2009.05.05"]
[SourceVersion "2"]
[SourceVersionDate "2009.05.20"]
[SourceQuality "1"]

1. e4 e5 2. Nf3 Nf6 3. Nxe5 d6 4. Nf3 Nxe4 5. Qe2 Qe7 6. d3 Nf6 7. Bg5 Qxe2+ 8. Bxe2 Be7 9. Nc3 c6 10. 0-0-0 Na6 11. Ne4 Nc7 12. Nxf6+ gxf6 13. Bd2 Rg8 14. g3 Ne6 15. Rhe1 Ng7 16. d4 Be6 17. Bd3 h5 18. Nh4 Kd7 19. c4 d5 20. b3 a6 21. Kb2 f5 22. cxd5 cxd5 23. Nf3 Bf6 24. h4 Ne8 25. Rc1 Nd6 26. Bf4 Ne4 27. Rc7+ Kd8 28. Re2 b5 29. Rec2 Re8 30. Ne5 Bxe5 31. Bxe5 f6 32. Bf4 Re7 33. f3 Nf2 34. Bf1 Nd1+ 35. Kc1 Ne3 36. Rxe7 Nxc2 37. Rxe6 Nxd4 38. Rd6+ Ke7 39. Rxd5 Rc8+ 40. Kb2 Rc2+ 41. Kb1 Rf2 42. Rxd4 Rxf1+ 43. Kb2 Rxf3 44. a4 Rf2+ 45. Ka3 Kf7 46. axb5 axb5 47. Rd5 Rc2 48. Rxf5 Rc6 49. Rxh5 Kg6 50. Rxb5 f5 51. Rd5 1-0

[Event "Belgrade Spring op"]
[Site "Belgrade"]
[Date "2009.03.26"]
[Round "5"]
[White "Cetkovic, Miodrag"]
[Black "Adamovic, Strahinja"]
[Result "1-0"]
[WhiteElo "2283"]
[BlackElo "1991"]
[PlyCount "65"]
[EventDate "2009.03.21"]
[EventType "swiss"]
[EventRounds "9"]
[EventCountry "YUG"]
[SourceTitle "CBM 129 Extra"]
[Source "ChessBase"]
[SourceDate "2009.05.05"]
[SourceVersion "2"]
[SourceVersionDate "2009.05.20"]
[SourceQuality "1"]

1. e4 e5 2. d4 exd4 3. c3 d5 4. exd5 Qxd5 5. cxd4 Nc6 6. Nf3 Nf6 7. Nc3 Bb4 8. Be2 Bf5 9. 0-0 Qa5 10. Qb3 0-0-0 11. Be3 Be6 12. Bc4 Bxc4 13. Qxc4 Nd5 14. Rac1 Rhe8 15. Rfe1 h6 16. Bd2 Re7 17. Rxe7 Ncxe7 18. Qb3 Qb6 19. Na4 Qb5 20. a3 Bxd2 21. Qxb5 Bxc1 22. Nc5 Nb6 23. Nd3 Bg5 24. h4 Bf6 25. Nde5 Bxe5 26. Qxe5 Nbd5 27. Qxg7 f5 28. Qxh6 b6 29. Qe6+ Kb7 30. h5 Rd6 31. Qf7 Rh6 32. Ne5 a5 33. Ng6 1-0

[Event "Belgrade Trophy 21st"]
[Site "Obrenovac"]
[Date "2008.11.29"]
[Round "3"]
[White "Damjanovic, Dragan"]
[Black "Adamovic, Strahinja"]
[Result "1-0"]
[WhiteElo "2229"]
[BlackElo "2025"]
[PlyCount "77"]
[EventDate "2008.11.27"]
[EventType "swiss"]
[EventRounds "9"]
[EventCountry "YUG"]
[SourceTitle "CBM 127 Extra"]
[Source "ChessBase"]
[SourceDate "2009.01.08"]
[SourceVersion "2"]
[SourceVersionDate "2009.01.28"]
[SourceQuality "1"]

1. d4 d5 2. c4 c6 3. Nf3 Nf6 4. Nc3 dxc4 5. a4 Bf5 6. e3 e6 7. Bxc4 Bb4 8. 0-0 0-0 9. Qe2 Nbd7 10. e4 Bg4 11. Rd1 Qe7 12. e5 Nd5 13. Ne4 h6 14. h3 Bh5 15. Bd3 c5 16. Ng3 Bg6 17. Bxg6 fxg6 18. Qe4 Qf7 19. Qe2 cxd4 20. Rxd4 Nc5 21. Qc2 Rac8 22. Rc4 Rc7 23. a5 Rfc8 24. Nd4 Na6 25. Rxc7 Rxc7 26. Qe2 Bxa5 27. Nb5 Rc5 28. Ne4 Bb6 29. Nbd6 Qe7 30. Nxc5 Nxc5 31. Nc8 Qc7 32. Nxb6 Qxb6 33. Be3 a5 34. Rc1 Qa6 35. Qf3 b6 36. Bxc5 bxc5 37. Rxc5 a4 38. Qg4 a3 39. bxa3 1-0

[Event "Belgrade Trophy 21st"]
[Site "Obrenovac"]
[Date "2008.11.28"]
[Round "2"]
[White "Micic, Nedeljko"]
[Black "Adamovic, Strahinja"]
[Result "0-1"]
[WhiteElo "1700"]
[BlackElo "2025"]
[PlyCount "134"]
[EventDate "2008.11.27"]
[EventType "swiss"]
[EventRounds "9"]
[EventCountry "YUG"]
[SourceTitle "CBM 127 Extra"]
[Source "ChessBase"]
[SourceDate "2009.01.08"]
[SourceVersion "2"]
[SourceVersionDate "2009.01.28"]
[SourceQuality "1"]

1. d4 d5 2. Nc3 Nf6 3. g3 Bf5 4. Bg2 e6 5. e3 Be7 6. Nf3 h6 7. b3 0-0 8. 0-0 c5 9. Bb2 Nc6 10. a3 cxd4 11. exd4 Rc8 12. Rc1 Ne4 13. Nxe4 Bxe4 14. c3 Bf6 15. Re1 Qb6 16. b4 Na5 17. Ba1 Nc4 18. a4 a5 19. b5 Qd6 20. Re2 Qa3 21. Nd2 Bxg2 22. Kxg2 Nxd2 23. Rxd2 Rc4 24. Rcc2 Qxa4 25. Qb1 Qa3 26. Ra2 Qd6 27. Rxa5 Qb6 28. Rda2 g6 29. Ra8 Rfc8 30. Rxc8+ Rxc8 31. Ra4 e5 32. Qb3 exd4 33. cxd4 Qe6 34. Qd3 Qe1 35. Bb2 Re8 36. Bc3 Qc1 37. Ra1 Qg5 38. Bd2 Qg4 39. Be3 h5 40. Ra7 Re7 41. h3 Qe6 42. Ra8+ Kg7 43. Ra4 Qd7 44. Bd2 Re4 45. Be3 Qf5 46. f3 Rxe3 47. Qxe3 Qc2+ 48. Kf1 Qxa4 49. g4 Qxb5+ 50. Kg2 Qb2+ 51. Kf1 Bxd4 52. Qe2 Qc1+ 53. Qe1 Qxe1+ 54. Kxe1 b5 55. Kd2 b4 56. Kc2 Bc3 57. Kb3 d4 58. Kc2 Kf6 59. Kc1 d3 60. Kb1 d2 61. Kc2 b3+ 62. Kd1 b2 63. Kc2 b1Q+ 64. Kxb1 d1Q+ 65. Ka2 Qc2+ 66. Ka3 Qb2+ 67. Ka4 Qb4# 0-1